banner koha

Induction of resistance to Xanthomonas campestris pv. viticola in grapevine plants (Registro n. 338477)

MARC details
000 -LÍDER
fixed length control field 04823nab a2200349 i 4500
003 - CÓDIGO MARC DA AGÊNCIA CATALOGADORA
Campo de controle BR-BrBNA
005 - DATA E HORA DA ÚLTIMA ATUALIZAÇÃO
Campo de controle 20250930151355.0
008 - CAMPO DE TAMANHO FIXO
fixed length control field 250930b2017 bl.|r|pooa||| 00| 0 eng |
040 ## - FONTE DA CATALOGAÇÃO
Agência catalogadora BR-BrBNA
Idioma da catalogação eng
072 ## - CATEGORIA AGRIS
Código AGRIS H20
Código do objeto 0940
072 ## - CATEGORIA AGRIS
Código AGRIS H01
100 ## - ENTRADA PRINCIPAL - NOME PESSOAL
Nome pessoal Lima, Meridiana Araujo Gonçalves
100 ## - ENTRADA PRINCIPAL - NOME PESSOAL
Nome pessoal Peixoto, Ana Rosa
100 ## - ENTRADA PRINCIPAL - NOME PESSOAL
Nome pessoal Borges, Ivanildo Viana
100 ## - ENTRADA PRINCIPAL - NOME PESSOAL
Nome pessoal Silva, Matheus Silva e
100 ## - ENTRADA PRINCIPAL - NOME PESSOAL
Nome pessoal Barbosa, Maria Angélica Guimarães
100 ## - ENTRADA PRINCIPAL - NOME PESSOAL
Nome pessoal Cavalcanti, Leonardo Sousa
245 ## - TÍTULO PRINCIPAL
Título principal Induction of resistance to Xanthomonas campestris pv. viticola in grapevine plants
500 ## - NOTA GERAL
Nota geral <br/>Publicação online; 25 ref.; 5 illus.; Summaries (En, Pt)
942 ## - ADDED ENTRY ELEMENTS (KOHA)
Koha item type Analítica
520 ## - NOTA DE RESUMO
Nota de conteúdo <br/><br/><br/>ABSTRACT – The objective of this work was to evaluate the effect of Saccharomyces cerevisiae (SC), Acibenzolar-S-Methyl (ASM), organic acids and polyphenols (OAP) and potassium silicate (SiK) on protecting grapevine plants (cv. Redglobe) from Xanthomonas campestris pv. viticola. Four application rates for each product (SC at 2.0, 2.50, 3.0, 3.50 and 4.0 mL 100 L-1; ASM and OAP at 2.50, 3.00, 3.50, 4.50 and 6.00 mL 100 L-1 and SiK at 5.00, 6.50, 7.50 and 8.50 mL 100 L-1) in different application times (0, 5, 10, and 15 days before inoculation), and the enzymatic activity of peroxidases, phenylalanine ammonia-lyase and β-1,3 glucanases were evaluated. Plants were inoculated with a bacterial suspension of 5 x 108 CFU mL-1 by rubbing with gauze. The epidemiological variables incidence (INC), severity (SEV) and area under the disease progress curve (AUDPC) were assessed. The treatment with ASM had the lowest averages of INC (38%) and SEV (1.52%) from 3 g 100 L-1. The application of 4.5 mL 100 L-1 of OAP reduced the plant disease in 52% of INC and 2.45% of SEV. SiK and SC presented no significant reduction in these variables compared to control. The ASM applied 15 days before the inoculation (DBI) reduced the disease in 91.31% and the APO in 73.34%, while SC and SiK reduced the disease in 67.49 and 60.11%, respectively, with applications at 5 DBI. There was no increase of peroxidase activity in any of the treatments. There was a significant increase in activity of β-1,3 glucanases and phenylalanine ammonia-lyase in plants treated with ASM at 15 DBI, indicating an influence on the induction of resistance of plants to this disease.<br/><br/><br/><br/>Index terms: Bacterial canker, phenylalanine ammonia-lyase, β-1,3 glucanase.
520 ## - NOTA DE RESUMO
Nota de conteúdo <br/><br/><br/>RESUMO - Este trabalho objetivou avaliar o efeito de: Saccharomyces cerevisiae (SC), Acibenzonlar-SMethyl (ASM), ácidos orgânicos e polifenóis (AOP) e silicato de potássio (SiK) na proteção de mudas de videira cv. Redglobe à Xanthomonas campestris pv. viticola. Foram avaliados para cada produto quatro doses: SC 2,0; 2,50; 3,0; 3,50 e 4,0 mL 100 L-1, ASM e AOP 2,50; 3,00; 3,50; 4,50 e 6,00 mL 100 L-1 e SiK 5,00, 6,50, 7,50 e 8,50 mL 100 L-1) em diferentes períodos de aplicação: 0, 5, 10, e 15 dias antes da inoculação bem como, a atividade enzimática de peroxidase, fenilalanina amônia-liase e β-1,3 glucanases. As plantas foram inoculadas com suspensão bacteriana a 5 x 108 UFC. mL-1 pelo método da fricção com gaze. As variáveis epidemiológicas da doença avaliadas foram: incidência (INC), severidade (SEV) e área abaixo da curva progresso e severidade da doença (AUDPC). As menores médias de INC e SEV foram auferidas pelo ASM com 38% e 1,52%, respectivamente, a partir da aplicação com 3g 100 L -1. A aplicação de 4,5mL 100 L-1 de AOP reduziu a doença com plantas com 52% de INC e 2,45 de SEV. SiK e SC não apresentaram redução significativa nestas variáveis com relação a testemunha. Pulverização com ASM 15 dias antes da inoculação (DAI) reduziu a doença em 91,31% e AOP em 73,34%, enquanto que SC e SiK reduziram a doença em 67,49 e 60,11% respectivamente com pulverização aos 5 (DAI). Em nenhum dos tratamentos houve incremento da atividade de peroxidase. Houve significativa elevação da atividade de β-1,3 glucanases e fenilalanina amônia-liase em plantas pulverizadas com ASM aos 15 dias (DAI), indicando haver influência na indução de resistência das plantas a doença.<br/><br/><br/>Termos para indexação: Cancro bacteriano, fenilalanina amônia-liase, β-1,3 glucanases
650 ## - ASSUNTO - THESAGRO
Cabeçalho tópico ou nome geográfico UVA
650 ## - ASSUNTO - THESAGRO
Cabeçalho tópico ou nome geográfico MUDA
650 ## - ASSUNTO - THESAGRO
Cabeçalho tópico ou nome geográfico DOENÇA DE PLANTA
650 ## - ASSUNTO - THESAGRO
Cabeçalho tópico ou nome geográfico CANCRO BACTERIANO
650 ## - ASSUNTO - THESAGRO
Cabeçalho tópico ou nome geográfico PERDA DA PRODUÇÃO
650 ## - ASSUNTO - THESAGRO
Cabeçalho tópico ou nome geográfico DEFESA VEGETAL
773 0# - ENTRADA ANALÍTICA
Host Biblionumber 805
Registro do item 317027
Imprenta Jaboticabal-SP Sociedade Brasileira de Fruticultura 1978
Outro identificador 2024-3589
Título Revista Brasileira de Fruticultura (Brazil)
ISSN 0100-2945
Colação v. 39(2) p. 1-10; (2017)
Número de controle de registro BR2025002471
856 ## - ACESSO E ENDEREÇO ELETRÔNICO
Identificador uniforme de recurso - URI https://www.scielo.br/j/rbf/a/mKbxgnc87QKnqTBzXHjRNTr/?format=pdf&lang=en

Nenhum exemplar disponível.

BINAGRI

Telefone: (61)3218-2567/2388/3357/2097 - binagri@agro.gov.br

Ministério da Agricultura e Pecuária , Esplanada dos Ministérios, Bloco D, Anexo B, Brasília/DF, CEP: 70.043-900